000
00301nam a22001337a 4500
008
171027b xxu||||| |||| 00| 0 eng d
020
_a
9780324006742
041
_a
eng
080
_a
336
100
_a
55
101
_a
MEN
245
_a
PRACTICAL FINANCIAL MANAGEMENT
_c
LASHER, W.R
942
_2
udc
_c
BK
999
_c
36035
_d
36035